000 00445nam a2200181Ia 4500
001 21059
005 20260306172851.0
008 260306t2019||||xx |||||||||||||| ||spa||
041 _aESP
082 _a344
_bJ414
100 _aJakobs, Günther,
_eAUT
245 0 _aBien jurídico, vigencia de la norma y daño social
260 _c2019
300 _a134 páginas :
_c21 cm.
650 _aGEN
654 _aCDE
942 _cLIB
_dJUS
_fJUS
_2ddc
_n
999 _c21059
_d21059